<?xml version="1.0" encoding="UTF-8"?>
<record
    xmlns:xsi="http://www.w3.org/2001/XMLSchema-instance"
    xsi:schemaLocation="http://www.loc.gov/MARC21/slim http://www.loc.gov/standards/marcxml/schema/MARC21slim.xsd"
    xmlns="http://www.loc.gov/MARC21/slim">

  <leader>00478nam a2200169Ia 4500</leader>
  <controlfield tag="008">230718s9999    xx            000 0 und d</controlfield>
  <datafield tag="020" ind1=" " ind2=" ">
    <subfield code="a">9788173719547</subfield>
  </datafield>
  <datafield tag="041" ind1=" " ind2=" ">
    <subfield code="a">eng</subfield>
  </datafield>
  <datafield tag="082" ind1=" " ind2=" ">
    <subfield code="a">005.678</subfield>
    <subfield code="b">BAH</subfield>
  </datafield>
  <datafield tag="100" ind1=" " ind2=" ">
    <subfield code="a">Bahga A.</subfield>
    <subfield code="9">197237</subfield>
  </datafield>
  <datafield tag="245" ind1=" " ind2=" ">
    <subfield code="a">Internet Of Things </subfield>
    <subfield code="b">A Hands-On Approach</subfield>
  </datafield>
  <datafield tag="260" ind1=" " ind2=" ">
    <subfield code="c">2014</subfield>
    <subfield code="b">Universities Press</subfield>
  </datafield>
  <datafield tag="300" ind1=" " ind2=" ">
    <subfield code="a">520</subfield>
  </datafield>
  <datafield tag="365" ind1=" " ind2=" ">
    <subfield code="c">Rs.</subfield>
    <subfield code="b">725.00</subfield>
  </datafield>
  <datafield tag="700" ind1=" " ind2=" ">
    <subfield code="a">Bahga A. &amp; Madisetti V.</subfield>
    <subfield code="9">197238</subfield>
  </datafield>
  <datafield tag="906" ind1=" " ind2=" ">
    <subfield code="d">O:0662814-Sep-2019B:IN49007-Sep-2019</subfield>
    <subfield code="c">TC</subfield>
    <subfield code="b">725</subfield>
  </datafield>
  <datafield tag="999" ind1=" " ind2=" ">
    <subfield code="c">350365</subfield>
    <subfield code="d">350365</subfield>
  </datafield>
  <datafield tag="952" ind1=" " ind2=" ">
    <subfield code="0">0</subfield>
    <subfield code="1">0</subfield>
    <subfield code="4">0</subfield>
    <subfield code="7">0</subfield>
    <subfield code="a">CCEP</subfield>
    <subfield code="b">CCEP</subfield>
    <subfield code="d">2019-09-14</subfield>
    <subfield code="e">Pradeep Book Distributors</subfield>
    <subfield code="f">TC</subfield>
    <subfield code="g">543.75</subfield>
    <subfield code="i">IN490</subfield>
    <subfield code="l">5</subfield>
    <subfield code="o">005.678</subfield>
    <subfield code="p">CCEP-BK-61572</subfield>
    <subfield code="r">2025-12-11 10:02:30</subfield>
    <subfield code="s">2025-08-22</subfield>
    <subfield code="t">725</subfield>
    <subfield code="v">725.00</subfield>
    <subfield code="w">2019-09-07</subfield>
    <subfield code="y">BK</subfield>
    <subfield code="z">061572</subfield>
  </datafield>
</record>
